00555 2200205 4500001002100000008004100021035002000062245010400082100002100186250000600207260004100213300001100254084001400265082000800279650001400287990001200301990001200313990001200325990001200337INLIS000000000000550 ind  a0010-0424000526 aEnsiklopedia Seni Budaya; Cara Terbaru Belajar Gitar ( Teknik Dasar Gitar Ritem )cFirdaus Budhi A. aBudhi A, Firdaus a1 aYogyakarta :bCitra Aji Paramac2013 a80 hlm a700 FIR e a700 aNon Fiksi a0722228 a0722229 a0722230 a0722231